000 00899cam a22002054a 4500
005 20250605164126.0
008 250528s ||||||||||||||||||||||||d
035 _a18476
020 _a471503134
040 _aGR-AtMCL
_bgre
_dGR-AtMCL
_eAACR2
245 1 _aMethods of Finite Mathematics
260 _bJohn Wiley & Sons,
_c1989
300 _a676
520 _aThis Wiley International edition is part of a continuing program of paperbound textbooks especially designed for students and professional people overseas. Linear Methods in the Plane, Systems of Linear Equations, Matrices, Linear Programming, Methods of Counting, Methods of Probability, Probability Distributions and Statistics, Markov Analysis, Mathematics of Finance, Game Theory, Logic, Graphs, Index.
700 1 _aBrown John W
_94733
700 1 _aSherbert Donald R
_94734
942 _cBK
999 _c3837
_d3837